Statistics for U.S History True or False

Click here to take the quiz!

General Stats

  • This quiz has been taken 764 times
  • The average score is 9 of 18

Answer Stats

QuestionAnswer% Correct
The Louisiana Territory was sold to the U.S by NapoleonTrue
70%
The White House burned down in the early 1800sTrue
69%
The Empire State Building was tallest in the world when constructedTrue
68%
John F. Kennedy was a DemocratTrue
68%
Hawaii was the most recent state added to the UnionTrue
67%
In 1800, the second largest city in the U.S was PhiladelphiaTrue
61%
Abraham Lincoln didn't care so much about winning the Civil War, only about freeing slavesFalse
56%
New York City was original founded by DenmarkFalse
48%
Thomas Edison was born in the United StatesTrue
47%
The Spanish-American War took place in the 1840sFalse
44%
Of the 172 people who were accused of witchcraft in Salem, only one survived.False
44%
Aaron Burr was vice president when he shot Alexander HamiltonTrue
44%
The first state to join the Union after the 13 colonies was KentuckyFalse
40%
Richard Nixon was the second president to ever be impeachedFalse
40%
The Trail of Tears mostly affected the SiouxFalse
40%
When Texas joined the Union, it maintained the right to secede whenever it wanted.False
35%
Japan invaded Alaska during World War IITrue
35%
Native Americans gained the right to vote before womenFalse
31%

Score Distribution

Percentile by Number Answered

Percent of People with Each Score

Your Score History

You have not taken this quiz